000
00201 a2200097 4500
001
3244
100
_a
Hoess, R
245
_a
Commandant of auschwilz
260
_a
_b
Weidenfeld
_c
090
_c
2524
_d
2524
942
_a
NUST-CAE
_c
M
_c
16936
999
_c
238317
_d
238317